000 00470nam a2200169 i 4500
001 22702
003 ES-MaACL
005 20230906152737.0
007 t|
008 021204s1976 sp ||||1| spa d
100 1 _aAlonso Olea, Manuel.
_920374
245 1 0 _aDerecho del trabajo /
_cManuel Alonso Olea.
250 _a4ยช ed. rev.
260 _aMadrid :
_bUniversidad, Facultad de Derecho,
_c1976.
300 _a727 p. ;
_c24 cm.
852 _aES-MaACL
_jA-6061
_bR.95154
999 _c22702
_d22702